Powers of 2 - Sudden Death - Statistics

General Stats
  • This quiz has been taken 34 times
  • The average score is 16 of 20
Answers on the Grid
Answers color-coded by a green-red scale on the quiz's grid according to % correct below.
1
2
4
6
8
10
16
32
64
128
256
292
496
512
886
1 024
2 048
3 768
4 000
4 096
5 096
8 192
16 384
32 768
36 144
61 172
64 028
65 536
124 816
131 072
262 144
416 288
524 288
 
Answer Stats
Answer % Correct
4
96%
16
85%
2
85%
256
81%
64
81%
8
81%
1 024
78%
128
78%
16 384
78%
2 048
78%
32
78%
32 768
78%
4 096
78%
512
78%
65 536
78%
131 072
74%
262 144
74%
8 192
74%
1
67%
524 288
63%
No matching quizzes found
Score Distribution
Percent of People with Each Score
Percentile by Number Answered
Your Score History
You have not taken this quiz